Countries that Beat Thailand - Statistics

General Stats
  • This quiz has been taken 630 times
    485 since last reset
  • The average score is 9 of 20
Answer Stats
Rank Category Countries % Correct
2 Most area within the Mekong basin Laos
84%
3 Largest country starting with T Tanzania | Turkey
78%
2 Most populous city starting with B China
76%
4 Most deaths due to the 2004 tsunami Indonesia | Sri Lanka | India
68%
2 Most visited by Chinese tourists [1] South Korea
63%
4 Closest non-bordering country to China Taiwan | Bangladesh | Uzbekistan
62%
2 Highest diaspora of Khmer people Vietnam
60%
2 Most Buddhist country by % [4] Cambodia
57%
3 Namesake of the largest gulf Mexico | Guinea
50%
6 Most recent successful coups d'état Guinea | Myanmar | Mali | Sudan | Yemen | Zimbabwe
48%
6 Most recent to change monarch Kuwait | Oman | Japan | Malaysia | Andorra
46%
2 Pineapple production [3] Brazil
39%
7 Highest wealth inequality [6] Netherlands | Russia | Sweden | United States | Brazil | Ukraine
37%
5 Least populous Axis power in 1939 Iraq | Finland | Bulgaria | Hungary
33%
15 Most recent to have its first female Prime Minister Estonia | Togo | Gabon | Belgium | Moldova | Barbados | Romania | Serbia | Namibia | Poland | Latvia | Slovenia | Jamaica | Denmark
29%
8 Youngest monarch since 1945 [2] Egypt | Nepal | Iraq | Jordan | Bhutan | Eswatini
26%
7 Highest % are for same-sex marriage, but it isn't fully legal [5] Switzerland | Chile | Andorra | Czech Republic | Japan | Cuba
25%
4 (t) Most recent to host the AFC Asian Cup United Arab Emirates | Australia | Qatar
24%
3 Latest to change flag to current design Afghanistan | Belize
21%
4 Earliest to join the UN after its creation Afghanistan | Iceland | Sweden
13%
No matching quizzes found
Score Distribution
Percent of People with Each Score
Percentile by Number Answered
Your Score History
You have not taken this quiz since the last reset